| 000 | 00703nam a22001577a 4500 | ||
|---|---|---|---|
| 003 | OSt | ||
| 005 | 20151202162928.0 | ||
| 008 | 151202b xxu||||| |||| 00| 0 eng d | ||
| 040 | _cRUA | ||
| 082 | _aFIS NOU 2008 B180 Or.1 | ||
| 100 |
_94172 _aNOU, MALYYA. |
||
| 245 | _aIntiative of pilot activity of and chang haon connunity fishery in kamot province, ការផ្ដួចផ្ដើមគំរោងសាកល្បងចិញ្ចឹមបំប៉ន់ក្ដាមសេះនៅសហគមន៍នេសាទកែបថ្មី និងចង្ហោន ខេត្តកំពត | ||
| 260 |
_aPhnom Penh _bRUA _c2008 |
||
| 300 |
_axi; 49p. _bill. _c29cm. |
||
| 942 |
_2ddc _cFIS |
||
| 999 |
_c3886 _d3886 |
||